LEADER 04207nam 2200997 450 001 9910790669803321 005 20230803021736.0 010 $a0-520-95651-6 024 7 $a10.1525/9780520956513 035 $a(CKB)2550000001123646 035 $a(EBL)1429398 035 $a(OCoLC)862030505 035 $a(SSID)ssj0001190078 035 $a(PQKBManifestationID)11813157 035 $a(PQKBTitleCode)TC0001190078 035 $a(PQKBWorkID)11189310 035 $a(PQKB)10192375 035 $a(DE-B1597)519579 035 $a(DE-B1597)9780520956513 035 $a(Au-PeEL)EBL1429398 035 $a(CaPaEBR)ebr10773730 035 $a(CaONFJC)MIL525363 035 $a(MiAaPQ)EBC1429398 035 $a(EXLCZ)992550000001123646 100 $a20131018e20132001 uy| 0 101 0 $aeng 135 $aur|n|---||||| 181 $ctxt 182 $cc 183 $acr 200 00$aAutobiography of Mark Twain$hVolume 2 /$fBenjamin Griffin and Harriet Elinor Smith, editors ; associate editors, Victor Fischer [and three others] 210 1$aBerkeley :$cUniversity of California Press,$d[2013] 210 4$d©2001 215 $a1 online resource (773 p.) 225 1 $aMark Twain papers 300 $a"A publication of the Mark Twain Project of the Bancroft Library." 311 $a0-520-27278-1 311 $a1-299-94112-5 320 $aIncludes bibliographical references and index. 327 $tFrontmatter --$tCONTENTS --$tList of Dictations --$tAcknowledgments --$tAUTOBIOGRAPHY OF MARK TWAIN. Part 1 --$tAUTOBIOGRAPHY OF MARK TWAIN. Part 2 --$tExplanatory Notes --$tAppendixes --$tNote on the Text --$tWord Division in This Volume --$tReferences --$tIndex 330 $aMark Twain's complete, uncensored Autobiography was an instant bestseller when the first volume was published in 2010, on the centennial of the author's death, as he requested. Published to rave reviews, the Autobiography was hailed as the capstone of Twain's career. It captures his authentic and unsuppressed voice, speaking clearly from the grave and brimming with humor, ideas, and opinions. The eagerly-awaited Volume 2 delves deeper into Mark Twain's life, uncovering the many roles he played in his private and public worlds. Filled with his characteristic blend of humor and ire, the narrative ranges effortlessly across the contemporary scene. He shares his views on writing and speaking, his preoccupation with money, and his contempt for the politics and politicians of his day. Affectionate and scathing by turns, his intractable curiosity and candor are everywhere on view. Editors: Benjamin Griffin and Harriet E. Smith Associate Editors: Victor Fischer, Michael B. Frank, Sharon K. Goetz and Leslie Diane Myrick   410 0$aMark Twain Papers 606 $aAuthors, American$y19th century$vBiography 610 $a19th century. 610 $aamerica. 610 $aamerican authors. 610 $aamerican literature. 610 $aautobiography. 610 $acuriosity. 610 $aeurope. 610 $afamous authors. 610 $ahuckleberry finn. 610 $ahumorist. 610 $ahumorous. 610 $alecturer. 610 $alegendary writer. 610 $alife changes. 610 $alit students. 610 $aliterary career. 610 $aliterary criticism. 610 $aliterary critics. 610 $aliterary figures. 610 $aliterature studies. 610 $amark twain papers. 610 $amark twain. 610 $amemoirs. 610 $anonfiction. 610 $anovelist. 610 $aprivate life. 610 $apublic image. 610 $asamuel clemens. 610 $atom sawyer. 610 $atwain scholars. 615 0$aAuthors, American 676 $a773 700 $aTwain$b Mark, $4aut$4http://id.loc.gov/vocabulary/relators/aut.$027404 701 $aGriffen$b Benjamin$01489471 701 $aSmith$b Harriet Elinor$01489472 701 $aFischer$b Victor$01485017 801 0$bMiAaPQ 801 1$bMiAaPQ 801 2$bMiAaPQ 906 $aBOOK 912 $a9910790669803321 996 $aAutobiography of Mark Twain$93710199 997 $aUNINA LEADER 02126oas 22007213 450 001 9910735197703321 005 20250921213016.0 011 $a2374-1325 024 8 $aeb49555775 035 $a(OCoLC)58648992 035 $a(CONSER) 2014202603 035 $a(CKB)954921425621 035 $a(EXLCZ)99954921425621 100 $a20040809a20049999 sy a 101 0 $aeng 135 $aur||||||||||| 181 $ctxt$2rdacontent 182 $cc$2rdamedia 183 $acr$2rdacarrier 200 04$aThe journal of structured finance 210 1$aNew York, N.Y. :$cInstitutional Investor, Inc.,$d2004- 300 $aRefereed/Peer-reviewed 311 08$a1551-9783 517 1 $aJSF 606 $aInvestments, Foreign$zDeveloping countries$vPeriodicals 606 $aEconomic development projects$zDeveloping countries$xFinance$vPeriodicals 606 $aInfrastructure (Economics)$zDeveloping countries$xFinance$vPeriodicals 606 $aEconomic development projects$xFinance$2fast$3(OCoLC)fst00901908 606 $aInfrastructure (Economics)$xFinance$2fast$3(OCoLC)fst00973283 606 $aInvestments, Foreign$2fast$3(OCoLC)fst00978370 607 $aDeveloping countries$2fast 608 $aPeriodicals.$2fast 615 0$aInvestments, Foreign 615 0$aEconomic development projects$xFinance 615 0$aInfrastructure (Economics)$xFinance 615 7$aEconomic development projects$xFinance. 615 7$aInfrastructure (Economics)$xFinance. 615 7$aInvestments, Foreign. 676 $a332.6/73/09172405 712 02$aInstitutional Investor (Firm) 801 0$bQCL 801 1$bQCL 801 2$bOCLCQ 801 2$bDLC 801 2$bZCU 801 2$bDLC 801 2$bTXJ 801 2$bCO3 801 2$bDEBBG 801 2$bGWDNB 801 2$bOCLCF 801 2$bDLC 801 2$bOCLCO 801 2$bAU@ 801 2$bU3W 801 2$bCUI 801 2$bOCLCQ 801 2$bIOY 801 2$bOCLCL 906 $aJOURNAL 912 $a9910735197703321 996 $aThe journal of structured finance$92298971 997 $aUNINA LEADER 05707nam 22008055 450 001 9910298471803321 005 20200920123451.0 010 $a4-431-55471-8 024 7 $a10.1007/978-4-431-55471-4 035 $a(CKB)3710000000355451 035 $a(EBL)1974085 035 $a(SSID)ssj0001451901 035 $a(PQKBManifestationID)11890620 035 $a(PQKBTitleCode)TC0001451901 035 $a(PQKBWorkID)11478668 035 $a(PQKB)11495346 035 $a(DE-He213)978-4-431-55471-4 035 $a(MiAaPQ)EBC1974085 035 $a(PPN)184495237 035 $a(EXLCZ)993710000000355451 100 $a20150205d2015 u| 0 101 0 $aeng 135 $aur|n|---||||| 181 $ctxt 182 $cc 183 $acr 200 10$aSolidarity Economy and Social Business $eNew Models for a New Society /$fedited by Noriatsu Matsui, Yukio Ikemoto 205 $a1st ed. 2015. 210 1$aTokyo :$cSpringer Japan :$cImprint: Springer,$d2015. 215 $a1 online resource (113 p.) 225 1 $aSpringerBriefs in Economics,$x2191-5504 300 $aDescription based upon print version of record. 311 $a4-431-55470-X 320 $aIncludes bibliographical references and index. 327 $aChapter 1?Theory of Solidarity Economy and Social Business (Ikemoto, Y) -- Chapter 2?Microcredit, Inclusive Finance and Solidarity (Matsui, N. & Tsuboi, H) -- Chapter 3?Grameen Model Microcredit in Spain (Tsuboi, H. & Nuzrul Chowdhury) -- Chapter 4?Renewable Energy for Off-Grid Villages: Grameen Shakti (Tsuboi, H) -- Chapter 5?Yogurt for the Poor: Grameen Danone Foods (Tsuboi, H) -- Chapter 6  Distributing Clean Water in Communities: Grameen Veolia   Water  (Tsuboi, H) -- Chapter 7?Local Currency and Regional Revitalization    (Matsui, N) -- Chapter 8  System of Solidarity in Organic Agriculture (Kim, K. & Ikemoto, Y) -- Chapter 9?Certified Coffee and Solidarity Economy (Ikemoto, Y) -- Chapter 10?Social Business Promotion Law in Korea (Kim, K).    . 330 $aThis book presents theoretical examinations of why and how connecting people yields different results from those of the market mechanism alone. With an ever-greater disparity between the world?s rich and poor, actions have been taken to remove the imperfections and remedy malfunctions of the market mechanism. An underlying theme of these activities is to connect people and make them directly visible to one another; thus the integrating concept of the ?solidarity economy? emerges. This volume analyzes diverse examples and practices of solidarity economy. Adam Smith emphasized the importance of ?sympathy? among people and the role of the ?impartial spectator? in order to control otherwise reckless markets. These major concepts form the basis of a solidarity economy. The examples and practices in this book are based on this framework. The first is the idea of social business, promoted by Prof. M. Yunus of the Grameen Bank. Although the group of five members in the Grameen Bank organization is considered a system of mutual surveillance by some economists, it is not a system based on distrust but a mechanism for mutual help and encouragement. Also examined in this book is organic agriculture, which adheres to the necessity of face-to-face relationships. It pursues environmental concerns and food safety by bringing together consumers and producers in local areas and by sharing knowledge. When consumers and producers are widely separated, a system of certification assures consumers that no chemical pesticides and fertilizers are used. Connecting consumers and producers through certification systems can be seen as part of fair trade mechanisms. These mechanisms are applied in certified coffee programs, for instance, to reduce poverty, to protect the environment, and to safeguard human rights. This book proposes that all these seemingly different types of activities can be understood as part of the solidarity economy. With this unifying theme, the book will be useful for both theoretical investigations and practical applications. 410 0$aSpringerBriefs in Economics,$x2191-5504 606 $aDevelopment economics 606 $aAgriculture$xEconomic aspects 606 $aEntrepreneurship 606 $aBusiness ethics 606 $aFinance 606 $aDevelopment Economics$3https://scigraph.springernature.com/ontologies/product-market-codes/W42000 606 $aAgricultural Economics$3https://scigraph.springernature.com/ontologies/product-market-codes/W47000 606 $aEntrepreneurship$3https://scigraph.springernature.com/ontologies/product-market-codes/514000 606 $aBusiness Ethics$3https://scigraph.springernature.com/ontologies/product-market-codes/526000 606 $aFinance, general$3https://scigraph.springernature.com/ontologies/product-market-codes/600000 615 0$aDevelopment economics. 615 0$aAgriculture$xEconomic aspects. 615 0$aEntrepreneurship. 615 0$aBusiness ethics. 615 0$aFinance. 615 14$aDevelopment Economics. 615 24$aAgricultural Economics. 615 24$aEntrepreneurship. 615 24$aBusiness Ethics. 615 24$aFinance, general. 676 $a330 676 $a338.1 676 $a338.9 676 $a657.8333 676 $a658.152 676 $a658048 676 $a658421 702 $aMatsui$b Noriatsu$4edt$4http://id.loc.gov/vocabulary/relators/edt 702 $aIkemoto$b Yukio$4edt$4http://id.loc.gov/vocabulary/relators/edt 906 $aBOOK 912 $a9910298471803321 996 $aSolidarity Economy and Social Business$92540350 997 $aUNINA